| 000 | 00570nam a22001457a 4500 | ||
|---|---|---|---|
| 003 | macl | ||
| 005 | 20181030124845.0 | ||
| 008 | 180426b xxu||||| |||| 00| 0 eng d | ||
| 040 | _cmacl | ||
| 100 |
_aपुष्पेश पंत _972375 |
||
| 245 | _a21 वीं शताब्दी में अन्तर्राष्ट्रीय संबंध संस्करण 4 | ||
| 260 |
_aचैन्नई _bमैग्राहिल्स _c2017 |
||
| 650 |
_aराजनीति शास्त्र _972376 |
||
| 942 |
_2ddc _cHIN |
||
| 999 |
_c58500 _d58500 |
||